Language Quiz

Random Language Quiz

Saying Hello Around the World Quiz Stats

 Plays Quiz not verified by Sporcle

Challenge
Share
Tweet
Embed
Score 0/10 Timer 05:00
0 Plays Today
Greeting Language % Correct
bonjourFrench
100%
holaSpanish
97.9%
guten tagGerman
96.8%
konnichihaJapanese
90.4%
buon giornoItalian
89.4%
olaPortuguese
75.5%
zdravstvujRussian
71.3%
god dagDanish
60.6%
hyvää päivääFinnish
51.1%
xin chaoVietnamese
41.5%

You're not logged in!

Compare scores with friends on all Sporcle quizzes.
OR
Log In

You Might Also Like...

Show Comments

Extras

Created Dec 30, 2010ReportNominate
Tags:hello

Top Quizzes Today


Score Distribution

Your Account Isn't Verified!

In order to create a playlist on Sporcle, you need to verify the email address you used during registration. Go to your Sporcle Settings to finish the process.

Report this User

Report this user for behavior that violates our Community Guidelines.

Details: